000 00947cab a2200169 4500
001 ABS68156
008 040903n2004 000 0 eng u
035 _a(Sirsi) u127254
100 _aBingham, T.
245 _aSix ways to handle risk
260 _c2004
490 _aBuilding
_v269(8346) 27 August 2004, 48-49(2)
520 _aComments on the research report "The management of risk : yours, mine ours" (L127630), commissioned by RICS Project Management Faculty from the University of Reading to look at the issues surrounding risk management. Outlines the five ways that are mentioned to tackle risk including the intuitive approach and the snowboard approach. Summarises the main forms of risk in construction work such as the actions taken when the original budget set by the client is insufficient for the level of quality and performance expected of the project.
590 _aABS
690 _aProject management
_96261
942 _n0
999 _c74525
_d74525